000 01163cam a2200349 ib4500
001 802502
003 INLPI
005 20250903133224.0
008 240502s2023 ch a g 000 0 chi d
020 _a9786267299333
_q(平裝) :
_cNT$400
040 _aNLPI
_bchi
_cNLPI
_dNLPI
_erda
042 _anbic
084 _a494.35
_2ncsclt
090 _a494.35
100 1 _a胡君梅,
_e文字作者
245 1 0 _a上班不再心好累 :
_b職場人必備的32個正念練習 /
_c胡君梅著 ; 胡慧玲繪
246 3 _a職場人必備的三十二個正念練習
246 3 0 _a職場人必備的32個正念練習
250 _a第一版
260 _a臺北市
_b天下生活出版股份有限公司,
_c2023.10
264 1 _a臺北市 :
_b天下生活出版股份有限公司,
_c2023.10
300 _a209面 :
_b部分彩圖 ;
_c21公分
336 _a文字
_btxt
_2rdacontent.
336 _a靜態影像
_bsti
_2rdacontent.
337 _a無媒介
_bn
_2rdamedia.
338 _a成冊
_bnc
_2rdacarrier.
490 1 _a心時代 ;
_v5.
650 7 _a職場成功法
_2lcstt.
700 1 _a胡慧玲,
_e插圖者
830 0 _a心時代 ;
_v5.
942 _2ccl
_cBOOK
999 _c7671
_d7671